=LDR 00000nam 2200000 4500 =001 INLIS000000000023147 =005 20130612121830 =008 ***********************************ind** =035 ##$$0010-061300000023147 =041 ##$$a ind =082 ##$$a 510 =090 ##$$a 510, MAT m =245 ##$$a Matematika untuk kelas 1 SLTP; Tim Penyusun =260 ##$$a 199? $b Klaten =300 ##$$a 149 hlm., ilus., 27 cm =650 ##$$a Matematika =650 ##$$a Pembelajaran =850 ##$$a NBPNMAT